Práva a nároky absolventů škol.

Zameranie a obsah novely zákona ČNR č. 272/1992 Sb. platnej od 1.6.1992 pre oblasť práv a nárokov absolventov škôl. Predmetom komentára je pracovná zmluva, výhody pre zamestnávateľa, dohoda so zamestnávateľom, rekvalifikácia absolventov, mladistvý absolvent, strediská praktickej rekvalifikácie, učeb...

Descripción completa

Guardado en:
Detalles Bibliográficos
Autor principal: Jouza, I.
Formato: Capítulo de libro
Lenguaje:checo
Materias:
Etiquetas: Agregar Etiqueta
Sin Etiquetas, Sea el primero en etiquetar este registro!

MARC

LEADER 00000naa a2200000 4500
001 r013564
005 20221213083117.3
041 0 |a cze 
044 |a CZ 
245 1 0 |a Práva a nároky absolventů škol.  |c I. Jouza 
520 |a Zameranie a obsah novely zákona ČNR č. 272/1992 Sb. platnej od 1.6.1992 pre oblasť práv a nárokov absolventov škôl. Predmetom komentára je pracovná zmluva, výhody pre zamestnávateľa, dohoda so zamestnávateľom, rekvalifikácia absolventov, mladistvý absolvent, strediská praktickej rekvalifikácie, učebné odbory pre mladistvých, špeciálne poradenstvo pre voľbu povolania, finančná podpora absolventov-podnikateľov. 
610 2 0 |a absolventi 
610 2 0 |a predpisy právne 
610 2 0 |a zákony 
610 2 0 |a Čechy 
610 2 0 |a 1992 
610 2 0 |a zamestnávatelia 
610 2 0 |a zamestnanci 
100 1 |a Jouza, I.